| 000 | 00802nam a22002297a 4500 | ||
|---|---|---|---|
| 003 | OSt | ||
| 005 | 20251222145548.0 | ||
| 008 | 251222b |||||||| |||| 00| 0 eng d | ||
| 020 | _a9780197265550 | ||
| 040 | _cDCL | ||
| 041 | _aEnglish | ||
| 082 | _a959.1052 | ||
| 100 | 1 | _aSadan, Mandy | |
| 245 | 1 | 0 |
_aBeing and becoming Kachin : _bhistories beyond the state in the borderworlds of Burma / _cby Mandy Sadan. |
| 260 |
_aOxford : _bPublished for The British Academy by Oxford University Press, _c2013. |
||
| 300 |
_axi,512 pages : _billustrations, maps ; _c24 cm. |
||
| 504 | _aIncludes bibliographical references and index. | ||
| 650 | _aKachin (Asian people) | ||
| 650 |
_aEthnic conflict _zMyanmar _vHistory |
||
| 651 |
_aBurma _vHistory _y1962-1988 |
||
| 942 |
_2ddc _cSHORT TERM _n0 |
||
| 999 |
_c2784 _d2784 |
||